| 000 | 00582nam a22001577a 4500 | ||
|---|---|---|---|
| 003 | 0 | ||
| 005 | 20231106135633.0 | ||
| 008 | 221005b xxu||||| |||| 00| 0 eng d | ||
| 050 |
_aHF5635 _b.Es83 2022 |
||
| 100 | _aAlyanna Marie L. Escasa | ||
| 245 |
_aA study on the bookkeeping systems of micro, small and medium enterprises in Barangay Marcelo Green, Paranque City _cAlyanna Marie L. Escasa |
||
| 260 |
_aLas Pinas City, Philippines _bSouthville International School and Colleges _cC2022 |
||
| 300 |
_aix,175pp. _c28cm. _fTheses |
||
| 500 | _aBookkeeping system. | ||
| 942 |
_2lcc _cTH |
||
| 999 |
_c364828 _d364828 |
||